| 000 | 01694 a2200229 4500 | ||
|---|---|---|---|
| 001 | 46263 | ||
| 005 | 20260407155734.0 | ||
| 008 | 260407a1976 arg spa d | ||
| 003 | AR-UNSa-BCEJYS | ||
| 040 |
_aAR-UNSa-BCEJYS _bspa _cAR-UNSa-BCEJYS |
||
| 080 |
_a303.4 _xTipos de investigación. estrategias de investigación. diseño de la investigación social |
||
| 245 | 1 | 0 | _aMétodo de investigación social |
| 264 | 1 |
_aMéxico : _bTrillas _c1976 |
|
| 300 |
_a469 p. _c23 cm. |
||
| 505 | _a1. La nueva sociología - 2. Ciencia: teoría y hecho – 3. Valores y ciencia – 4. Ciencia pura y ciencia aplicada – 5. Elementos fundamentales del método científico: los conceptos – 6. Elementos fundamentales del método científico: las hipótesis – 7. Planteamiento de la prueba: comprobación de hipótesis – 8. Otros problemas del establecimiento del pan para la investigación – 9. Utilización de la biblioteca – 10. Observación – 11. Construcción de cuestionarios – 12. El cuestionario por correo – 13. La entrevista – 14. Probabilidades y muestreo – 15. Técnicas de escalamiento: problema fundamental – 16. Técnicas de escalamiento: escalas de distancia social, sociométricas y de calificación – 17. Técnicas de escalamiento: escalas de categoría, de congruencia interna y escalogramas – 18. Investigación demográfica – 19. Algunos problemas de los análisis cuantitativos y de casos – 20. Análisis de datos – 21. Preparación del informe – | ||
| 942 | _cBK | ||
| 590 | _aniveau_biblio:m niveau_hierar:0 | ||
| 100 | 1 | _aPalazón, Ramón | |
| 700 | 1 | _aHatt, Paul K. | |
| 700 | 1 | _aGoode, William J. | |
| 700 | 1 | _aOdilón Valadés, Adrián | |
| 999 |
_c4167 _d4167 |
||